[Event "Bayern-ch Seniors 23rd"]
[Site "Bergen"]
[Date "2011.05.30"]
[Round "3"]
[White "Friedrich, Horst"]
[Black "Koenigl, Anton"]
[Result "0-1"]
[WhiteElo "1585"]
[BlackElo "1662"]
[PlyCount "60"]
[EventDate "2011.05.28"]
[EventType "swiss"]
[EventRounds "9"]
[EventCountry "GER"]
[SourceTitle "EXT 2012"]
[Source "ChessBase"]
[SourceDate "2011.11.24"]
[SourceVersion "1"]
[SourceVersionDate "2011.11.24"]
[SourceQuality "1"]

1. d4 d5 2. e4 dxe4 3. Nc3 Nf6 4. f3 e3 5. Bxe3 c6 6. Bd3 Nbd7 7. Nge2 e5 8. Ng3 g6 9. Nge4 Qe7 10. 0-0 Bg7 11. Bc4 0-0 12. Qe2 Nb6 13. dxe5 Qxe5 14. f4 Qc7 15. Bb3 Nxe4 16. Nxe4 Nd5 17. Bc5 Rd8 18. Nd6 Rxd6 19. Qe8+ Bf8 20. Bxd6 Qxd6 21. f5 Qe7 22. Qxe7 Bxe7 23. fxg6 hxg6 24. c4 Ne3 25. Rf3 Bc5 26. Kh1 Be6 27. Rc1 Rd8 28. h3 Rd2 29. Rc3 Nxg2 30. Bc2 Ne1 0-1